| 000 | 00836nam a22002297a 4500 | ||
|---|---|---|---|
| 999 |
_c103523 _d103523 |
||
| 005 | 20210222150523.0 | ||
| 010 | _a1718EN-30 ENG-116041 B-687271-272 | ||
| 020 |
_a9788125063223 _c750.00 |
||
| 035 | _aEN-99573 | ||
| 035 | _aB-687271-272 | ||
| 037 | _bUppal | ||
| 037 | _bDBAD/PUB | ||
| 082 | _a327.581054 | ||
| 245 |
_aAfghanistan's regional dilemmas : _cedited by Harsh V.Pant _b South Asia and beyond / |
||
| 260 |
_c2016 _aNew Delhi _bOrient Blackswan |
||
| 270 |
_a1/24, Asaf Ali Road _bNew Delhi _e110002 |
||
| 300 |
_c23cm(Hb) _axiv,180p. |
||
| 500 | _aIncludes index | ||
| 700 | _aPant,Harsh V. | ||
| 942 |
_cEN _2ddc _h327.581054 _mAFG |
||